| 000 | 00517nam a22001937a 4500 | ||
|---|---|---|---|
| 003 | CEME | ||
| 005 | 20210628202736.0 | ||
| 008 | 210114b xxu||||| |||| 00| 0 eng d | ||
| 020 | _a81-317-0713-X | ||
| 040 | _cceme | ||
| 082 | _a629.25 HAL | ||
| 100 |
_aHalderman James .D, Mitchell , Chase. D. _961369 |
||
| 245 | _aAutomotive engines theory and servicing | ||
| 250 | _a5TH | ||
| 260 |
_aNEW DELHI _bPEARSON EDUCATION ASIA _c2007 |
||
| 300 | _a656P | ||
| 650 |
_aAUTOMOTIVE ENGINES _961370 |
||
| 942 |
_cBK _2ddc |
||
| 999 |
_c570846 _d570846 |
||